000 00715 a2200229 4500
001 61998
005 20260407155913.0
008 260407a1972 arg spa d
003 AR-UNSa-BCEJYS
040 _aAR-UNSa-BCEJYS
_bspa
_cAR-UNSa-BCEJYS
080 _a347.7(094.4)
_xCódigo de Comercio
245 1 0 _aCódigo de comercio y leyes complementarias
_pTextos anotados y comentados
264 1 _aBuenos Aires :
_bEdiciones Contabilidad Moderna
_c1972
300 _a3 v.
_c23 cm.
041 _aspa
942 _cBK
590 _aniveau_biblio:m niveau_hierar:0
100 1 _aFernández Madrid, Juan Carlos
700 1 _aColotti, Emilia Matilde
700 1 _aLorenzo, Lila Susana
700 1 _aAnaya, Jaime Luis
999 _c7529
_d7529